书目信息 |
| 题名: |
趣味图解印尼语快速入门
|
|
| 作者: | 李珠燕 编著 | |
| 分册: | ||
| 出版信息: | 北京 中国纺织出版社 2018.09 |
|
| 页数: | 230页 | |
| 开本: | 24cm | |
| 丛书名: | ||
| 单 册: | ||
| 中图分类: | H631.2 | |
| 科图分类: | ||
| 主题词: | 印度尼西亚语--自学参考资料 | |
| 电子资源: | ||
| ISBN: | 978-7-5180-4926-4 | |
| 000 | 00803nam0 2200229 450 | |
| 001 | 4963 | |
| 005 | 20181013162447.29 | |
| 010 | @a978-7-5180-4926-4@dCNY59.80 | |
| 100 | @a20180819d2018 em y0chiy50 ea | |
| 101 | 0 | @achi@aind |
| 102 | @aCN@b110000 | |
| 105 | @aa z 000yy | |
| 200 | 1 | @a趣味图解印尼语快速入门@9qu wei tu jie yin ni yu kuai su ru men@f李珠燕编著 |
| 210 | @a北京@c中国纺织出版社@d2018.09 | |
| 215 | @a230页@d24cm | |
| 300 | @a毕昂小语种 602 | |
| 330 | @a本书介绍了印尼语的基本字母和发音,汇总了印尼语的基本对话和基本语法,并围绕印度尼西亚的日常生活,构成了对话文章,收集了在日常生活中经常使用的口语式表达方式。 | |
| 606 | 0 | @a印度尼西亚语@j自学参考资料 |
| 690 | @aH631.2@v5 | |
| 701 | 0 | @a李珠燕@9li zhu yan@4编著 |
| 801 | 0 | @aCN@b91MARC@c20180819 |
| 905 | @aMuseLib@dH631.2@e6 | |
| 趣味图解印尼语快速入门/李珠燕编著.-北京:中国纺织出版社,2018.09 |
| 230页;24cm |
| 毕昂小语种 602 |
| ISBN 978-7-5180-4926-4:CNY59.80 |
| 本书介绍了印尼语的基本字母和发音,汇总了印尼语的基本对话和基本语法,并围绕印度尼西亚的日常生活,构成了对话文章,收集了在日常生活中经常使用的口语式表达方式。 |
| ● |
| 相关链接 |
|
|
|
|
正题名:趣味图解印尼语快速入门
索取号:H631.2/6
 
预约/预借
| 序号 | 登录号 | 条形码 | 馆藏地/架位号 | 状态 | 备注 |
| 1 | 1127469 | 211274690 | 第二样本阅览室/ [索取号:H631.2/6] | 在馆 | |
| 2 | 1127470 | 211274707 | 第四借阅区/ [索取号:H631.2/6] | 在馆 | |
| 3 | 1127471 | 211274716 | 第四借阅区/ [索取号:H631.2/6] | 在馆 | |
| 4 | 1127472 | 211274725 | 第四借阅区/ [索取号:H631.2/6] | 在馆 | |
| 5 | 1127473 | 211274734 | 密集书库—外国语学院/ [索取号:H631.2/6] | 在馆 |